| 000 | 00519 a2200169 4500 | ||
|---|---|---|---|
| 005 | 20250621075800.0 | ||
| 020 | _a978-0-07-312193-2 | ||
| 082 | _aLM 621.815 BUD | ||
| 100 | _aBUDYNAS, R. G. | ||
| 245 | _aShingley's Mechanical Engineering Design. | ||
| 250 | _a8th Ed | ||
| 260 |
_aBoston, _bMcGraw-Hill , _c2008. |
||
| 300 |
_axxv,1059p.: ill.; figure, graph, picture, table, _bIndex _c27cm |
||
| 700 | _aNISBETT, J. K. | ||
| 856 |
_yAccess Online Book _fMechanical Engineering Design _dwww.mhhe.com |
||
| 942 |
_2ddc _cBKS |
||
| 999 |
_c3174 _d3174 |
||